| 000 | 00475nam a2200181Ia 4500 | ||
|---|---|---|---|
| 999 |
_c20755 _d20755 |
||
| 082 | _a330.021 STA- | ||
| 245 | 0 | _aStatistical outline of India: 2004-2005 | |
| 250 | _a31st | ||
| 260 |
_aMumbai _bTata Services Limited _c2005 |
||
| 300 | _axxii, 296 | ||
| 504 | _aincludes glossary and index | ||
| 650 |
_aEconomics _z2004-2005 |
||
| 650 |
_aStatistics _z2004-2005 |
||
| 700 | _aEngineer, Jehangir M | ||
| 700 | _aKatoti, R.G. | ||
| 700 | _aRoy, Siddhartha | ||
| 942 | _cBK | ||